| 000 | 00519nam a2200181Ia 4500 | ||
|---|---|---|---|
| 999 |
_c8915 _d8915 |
||
| 003 | OSt | ||
| 005 | 20201012125957.0 | ||
| 008 | 190216s9999||||xx |||||||||||||| ||und|| | ||
| 020 | _a8126504870 | ||
| 040 | _coclc | ||
| 082 |
_a006.696 _bDRO/A |
||
| 100 |
_aDroblas, Adele _95603 |
||
| 245 | 0 |
_aAdobe Premiere Pro Bible / _cAdele Droblas ; Seth Greenberg |
|
| 260 |
_bWiley India, _aNew Delhi: _c2005. |
||
| 300 | _a730p | ||
| 650 | _aComputer | ||
| 942 |
_cBK _2ddc _h006.696 _iDRO/A _k006.696 _mDRO/A |
||